000
00294nam a2200121Ia 4500
005
20250409180958.0
008
250409s9999||||xx |||||||||||||| ||und||
100
_a
MUKUNDAN, M
245
0
_a
AAVILAYILE SURYODAYAM
260
_b
D C BOOKS,
_a
KOTTAYAM:
650
_v
Malayalam Fiction
942
_c
BOOK
999
_c
4974
_d
4974